|
|
|
|
| LEADER |
00000cam a22000004a 4500 |
| 001 |
musev2_44735 |
| 003 |
MdBmJHUP |
| 005 |
20230905044700.0 |
| 006 |
m o d |
| 007 |
cr||||||||nn|n |
| 008 |
160212s2016 dcu o 00 0 eng d |
| 020 |
|
|
|a 9780813228068
|
| 020 |
|
|
|z 9780813230108
|
| 020 |
|
|
|z 9780813228051
|
| 035 |
|
|
|a (OCoLC)938899009
|
| 040 |
|
|
|a MdBmJHUP
|c MdBmJHUP
|
| 041 |
1 |
|
|a eng
|h ita
|
| 100 |
1 |
|
|a Porro, Pasquale,
|e author.
|
| 240 |
1 |
0 |
|a Tommaso d'Aquino.
|l English
|
| 245 |
1 |
0 |
|a Thomas Aquinas :
|b A Historical and Philosophical Profile /
|c Pasquale Porro ; translated with introduction and notes by Joseph G. Trabbic and Roger W. Nutt.
|
| 264 |
|
1 |
|a Washington, D.C. :
|b Catholic University of America Press,
|c 2016.
|
| 264 |
|
3 |
|a Baltimore, Md. :
|b Project MUSE,
|c 2016
|
| 264 |
|
4 |
|c ©2016.
|
| 300 |
|
|
|a 1 online resource.
|
| 336 |
|
|
|a text
|b txt
|2 rdacontent
|
| 337 |
|
|
|a computer
|b c
|2 rdamedia
|
| 338 |
|
|
|a online resource
|b cr
|2 rdacarrier
|
| 505 |
0 |
|
|a Student years and baccalaureate -- The first Paris Regency (1256-59) -- The return to Italy: the project of the Summa Contra Gentiles, and the writings of the Orvieto period -- The years in Rome and the construction of the Summa Theologiae -- The second Paris Regency (1268-72) -- The last Neapolitan period and a complex legacy.
|
| 588 |
|
|
|a Description based on print version record.
|
| 600 |
0 |
7 |
|a Thomas,
|c Aquinas, Saint,
|d 1225?-1274.
|2 fast
|0 (OCoLC)fst00029176
|
| 600 |
0 |
0 |
|a Thomas,
|c Aquinas, Saint,
|d 1225?-1274.
|
| 650 |
|
7 |
|a PHILOSOPHY
|x History & Surveys
|x Ancient & Classical.
|2 bisacsh
|
| 650 |
|
7 |
|a PHILOSOPHY
|x History & Surveys
|x Medieval.
|2 bisacsh
|
| 655 |
|
7 |
|a Electronic books.
|2 local
|
| 710 |
2 |
|
|a Project Muse.
|e distributor
|
| 830 |
|
0 |
|a Book collections on Project MUSE.
|
| 856 |
4 |
0 |
|z Texto completo
|u https://projectmuse.uam.elogim.com/book/44735/
|
| 945 |
|
|
|a Project MUSE - Custom Collection
|
| 945 |
|
|
|a Project MUSE - 2016 Complete
|
| 945 |
|
|
|a Project MUSE - 2016 Philosophy and Religion
|